Army alphabet - Statistics

General Stats
  • This quiz has been taken 1,004 times
  • The average score is 19 of 26
Answer Stats
Hint Answer % Correct
A Alpha
99%
D Delta
97%
C Charlie
94%
B Bravo
92%
F Foxtrot
89%
E Echo
86%
H Hotel
76%
I India
75%
T Tango
73%
Z Zulu
73%
L Lima
72%
X X-ray
71%
G Golf
69%
J Juliet
69%
K Kilo
69%
R Romeo
68%
W Whiskey
66%
N November
64%
O Oscar
63%
Q Quebec
63%
Y Yankee
63%
M Mike
62%
P Papa
60%
S Sierra
60%
V Victor
60%
U Uniform
56%
No matching quizzes found
Score Distribution
Percent of People with Each Score
Percentile by Number Answered
Your Score History
You have not taken this quiz